The welfare effects of balance of payments reform: a macro-micro simulation of the cost of rent-seeking (Record no. 56760)

000 -LEADER
fixed length control field 00461pab a2200157 454500
008 - FIXED-LENGTH DATA ELEMENTS--GENERAL INFORMATION
fixed length control field 180718b2003 xxu||||| |||| 00| 0 eng d
100 ## - MAIN ENTRY--PERSONAL NAME
Personal name King, Damien
245 ## - TITLE STATEMENT
Title The welfare effects of balance of payments reform: a macro-micro simulation of the cost of rent-seeking
260 ## - PUBLICATION, DISTRIBUTION, ETC.
Date of publication, distribution, etc. 2003
300 ## - PHYSICAL DESCRIPTION
Extent p.101-28.
362 ## - DATES OF PUBLICATION AND/OR SEQUENTIAL DESIGNATION
Dates of publication and/or sequential designation Feb
650 ## - SUBJECT ADDED ENTRY--TOPICAL TERM
Topical term or geographic name entry element Balance of payments
700 ## - ADDED ENTRY--PERSONAL NAME
Personal name Handa, Sudhanshu
773 ## - HOST ITEM ENTRY
Main entry heading Journal of Development Studies
909 ## -
-- 56760
Holdings
Withdrawn status Lost status Damaged status Not for loan Permanent Location Current Location Date acquired Serial Enumeration / chronology Barcode Date last seen Price effective from Koha item type
        Indian Institute of Public Administration Indian Institute of Public Administration 2018-07-19 Volume no: 39, Issue no: 3 AR57205 2018-07-19 2018-07-19 Articles

Powered by Koha